<?xml version="1.0" encoding="UTF-8"?>
<record
    xmlns:xsi="http://www.w3.org/2001/XMLSchema-instance"
    xsi:schemaLocation="http://www.loc.gov/MARC21/slim http://www.loc.gov/standards/marcxml/schema/MARC21slim.xsd"
    xmlns="http://www.loc.gov/MARC21/slim">

  <leader>00621nam a2200205 i 4500</leader>
  <controlfield tag="001">sa 67003903 </controlfield>
  <controlfield tag="003">DLC</controlfield>
  <controlfield tag="005">20260227112342.0</controlfield>
  <controlfield tag="008">840919s1965    pk            00010 urdo </controlfield>
  <datafield tag="010" ind1=" " ind2=" ">
    <subfield code="a">sa 67003903 //r84</subfield>
  </datafield>
  <datafield tag="025" ind1=" " ind2=" ">
    <subfield code="a">PL480: P-U-1361</subfield>
  </datafield>
  <datafield tag="050" ind1="0" ind2=" ">
    <subfield code="a">HQ743</subfield>
    <subfield code="b">.S865</subfield>
  </datafield>
  <datafield tag="100" ind1="0" ind2="0">
    <subfield code="a">Surayy&#x101; Jab&#x12B;n&#x332;,</subfield>
    <subfield code="d">1946-</subfield>
  </datafield>
  <datafield tag="245" ind1="1" ind2="0">
    <subfield code="a">Mis&#x332;&#x101;l&#x12B; sh&#x101;d&#x12B; /</subfield>
    <subfield code="c">tart&#x12B;b va t&#x101;l&#x12B;f, Surayy&#x101; Jab&#x12B;n&#x332; va Nis&#x332;&#x101;rudd&#x12B;n.</subfield>
  </datafield>
  <datafield tag="260" ind1="0" ind2=" ">
    <subfield code="a">[L&#x101;haur :</subfield>
    <subfield code="b">Naishnal Pablishing K&#x101;rporeshan,</subfield>
    <subfield code="c">1965]</subfield>
  </datafield>
  <datafield tag="300" ind1=" " ind2=" ">
    <subfield code="a">272 p. ;</subfield>
    <subfield code="c">19 cm.</subfield>
  </datafield>
  <datafield tag="500" ind1=" " ind2=" ">
    <subfield code="a">In Urdu.</subfield>
  </datafield>
  <datafield tag="650" ind1=" " ind2="0">
    <subfield code="a">Marriage counseling.</subfield>
  </datafield>
  <datafield tag="700" ind1="0" ind2="0">
    <subfield code="a">Nis&#x332;&#x101;rudd&#x12B;n,</subfield>
    <subfield code="e">joint author.</subfield>
  </datafield>
  <datafield tag="999" ind1=" " ind2=" ">
    <subfield code="c">74160</subfield>
    <subfield code="d">74160</subfield>
  </datafield>
</record>
